Ecological debt (Record no. 117579)
[ view plain ]
| 000 -LEADER | |
|---|---|
| fixed length control field | 01403nam a2200361 a 4500 |
| 082 04 - DEWEY DECIMAL CLASSIFICATION NUMBER | |
| Classification number | 333.72 |
| 100 1# - MAIN ENTRY--AUTHOR NAME | |
| Personal name | Simms, Andrew. |
| 245 10 - TITLE STATEMENT | |
| Title | Ecological debt |
| 260 ## - PUBLICATION, DISTRIBUTION, ETC. (IMPRINT) | |
| Place of publication | London ; |
| -- | Ann Arbor, Mich. : |
| Name of publisher | Pluto Press, |
| Year of publication | 2005. |
| 300 ## - PHYSICAL DESCRIPTION | |
| Number of Pages | x, 214 p. : |
| Other physical details | ill. |
| 650 #0 - SUBJECT ADDED ENTRY--TOPICAL TERM | |
| Topical Term | Environmental economics. |
| Topical Term | Environmental protection |
| Topical Term | Consumption (Economics) |
| Topical Term | Global warming. |
| 856 40 - ELECTRONIC LOCATION AND ACCESS | |
| Uniform Resource Identifier | http://site.ebrary.com/lib/rucke/Doc?id=10479650 |
No items available.
